| 000 | 00871nam a2200277 u 4500 | ||
|---|---|---|---|
| 001 | |||
| 003 | OSt | ||
| 005 | 20210408155129.0 | ||
| 008 | 100812s2020 dr c a spa d | ||
| 020 | _a9789945618044 | ||
| 040 |
_aDO-SdBNP _bspa _cBNPHU |
||
| 082 | 4 |
_a759.7293 _bS961h _222 |
|
| 100 | 1 |
_aSuriel Suazo, Hugo Rafael _943376 |
|
| 240 | _a | ||
| 245 | 1 | 0 |
_aHrsuriel / _cHugo Rafael Suriel Suazo ; edición Odalis G. Pérez ; fotografías Héctor Carbuccia |
| 250 | _a2a.ed | ||
| 260 |
_aSanto Domingo : _bAmigo del Hogar _c2020 |
||
| 300 |
_a301 p. , _bils, fots.; _c29 cm. |
||
| 590 | _aInventariado,2021/VM | ||
| 650 | 4 |
_aPintura dominicana _91858 |
|
| 650 | 4 |
_aArte dominicana _977740 |
|
| 700 | 1 |
_a Pérez, Odalis G. _eed. _911075 |
|
| 700 | 1 |
_aCarbuccia, Héctor _efotografías _977741 |
|
| 910 | _aVMateo /Validado. Control de calidad MFF | ||
| 942 |
_2ddc _cLBS1 |
||
| 999 |
_c49356 _d49356 |
||